000 00212 a2200097 4500
001 11800
100 _aHoskyns, C.
245 _aChatham house memorandr
260 _a
_bOxford University
_c
090 _c9056
_d9056
942 _aNUST-CAE
_cM
_c35885
999 _c246873
_d246873